Sources of Arabian Music (Record no. 547)

MARC details
000 -LEADER
fixed length control field 00572nam a2200241 a 4500
020 ## - INTERNATIONAL STANDARD BOOK NUMBER
ISBN
082 00 - DEWEY DECIMAL CLASSIFICATION NUMBER
Classification number 780.956
Author Cutter FAR
100 ## - MAIN ENTRY--AUTHOR NAME
Author name Farmer, Henry George
245 ## - TITLE STATEMENT
Title Sources of Arabian Music
260 ## - PUBLICATION, DISTRIBUTION, ETC. (IMPRINT)
Place of publication Leiden
Name of publisher E. J. Brill
Year of publication 1965
300 ## - PHYSICAL DESCRIPTION
Number of Pages 68p
500 ## - GENERAL NOTE
General note includes index and biblioraphy
505 2# - FORMATTED CONTENTS NOTE
Formatted contents note Index, Ill.
650 ## - SUBJECT ADDED ENTRY--TOPICAL TERM
Topical Term Music-Arab
942 ## - ADDED ENTRY ELEMENTS (KOHA)
Koha item type Books
700 1# -
-- Farmer, Henry George
Holdings
Collection code Home library Current library Date acquired Cost, normal purchase price Full call number Accession Number Koha item type
  Henry Martyn Institute Library Henry Martyn Institute Library 05/24/2005 35.00 780.956 FAR 03596 Books
                   Copyright © 2026 | Henry Martyn Institute | Hyderabad | TS-500052 | INDIA | Implemented by hmi.edu.in
Hit-Count:

Powered by Koha